| 000 | 00879cam a2200229 a 4500 | ||
|---|---|---|---|
| 020 | _a142008285X (hardcover : alk. paper) | ||
| 020 | _a9781420082852 (hardcover : alk. paper) | ||
| 082 | 0 | 0 |
_a388.015195 _bWAS _cN-01, P-232 |
| 100 | 1 |
_aWashington, Simon. _938441 |
|
| 245 | 1 | 0 |
_aStatistical and econometric methods for transportation data analysis / _cSimon P. Washington, Matthew G. Karlaftis, Fred L. Mannering. |
| 250 | _a2nd ed. | ||
| 260 |
_aBoca Raton, FL : _bCRC Press, _cc2011. |
||
| 300 |
_axvii, 526 p. : _bill. ; _c25 cm. |
||
| 500 | _a"A Chapman & Hall book"--Cover. | ||
| 526 |
_a0 _b0 _c0 _d388_015195000000000_WAS |
||
| 650 | 0 |
_aNUST _96342 |
|
| 650 | 0 |
_aTransportation _xEconometric models. _938442 |
|
| 650 | 0 |
_aTransportation _xStatistical methods. _938443 |
|
| 700 | 1 |
_aKarlaftis, Matthew G. _938444 |
|
| 700 | 1 |
_aMannering, Fred L. _938445 |
|
| 942 |
_2ddc _cBK |
||
| 999 |
_c543084 _d543084 |
||